[Event "Mondiale Lampo FIDE 2022"]
[Site "Alma Ata"]
[Date "29.12.2022"]
[Round "7.6"]
[White "Petrosyan, Manuel"]
[Black "Duda, Jan-Krzysztof"]
[Result "0-1"]
[WhiteTitle ""]
[BlackTitle ""]
[WhiteElo "2621"]
[BlackElo "2729"]
[WhiteFideId "13300857"]
[BlackFideId "1170546"]
[EventDate "29.12.2022"]

1. d4 Nf6 2. Bf4 d5 3. e3 c5 4. Nf3 e6 5. Nbd2 Qb6 6. Rb1 cxd4 7. exd4 Bd7 8. c3
Bb5 9. Qb3 Bxf1 10. Qxb6 axb6 11. Rxf1 Nc6 12. a3 b5 13. Nb3 Nh5 14. Bg3 h6 15.
Ne5 g5 16. Nd3 Ng7 17. Kd2 Nf5 18. Be5 Rg8 19. g4 Nd6 20. Bxd6 Bxd6 21. h3 h5
22. Rbe1 Ke7 23. Nbc5 b6 24. Nb3 Rh8 25. Re2 Rh6 26. f4 hxg4 27. hxg4 gxf4 28.
Nxf4 Bxf4+ 29. Rxf4 Rg8 30. Rg2 Rh4 31. Ke3 Rg7 32. Nd2 Na5 33. g5 Rh3+ 34. Rf3
Rh1 35. Rf1 Nc4+ 36. Ke2 Rh5 37. Nxc4 bxc4 38. Rfg1 Kd6 39. Kf3 Rh8 40. Kf4 Rhg8
41. Rh1 f6 42. Rhg1 Rg6 43. Rg3 fxg5+ 44. Rxg5 Rf8+ 45. Ke3 Rgf6 46. R5g2 Kc6
47. a4 Kb7 48. Kd2 Ka6 49. Kc2 Ka5 50. Re2 Kxa4 51. Rge1 Rf2 52. Kc1 Kb3 53.
Rxf2 Rxf2 54. Rxe6 Rc2+ 55. Kd1 Rxb2 56. Rxb6+ Kxc3 0-1

[Event "Mondiale Lampo FIDE 2022"]
[Site "Alma Ata"]
[Date "29.12.2022"]
[Round "7.7"]
[White "Shankland, Sam"]
[Black "Abdusattorov, Nodirbek"]
[Result "1-0"]
[WhiteTitle ""]
[BlackTitle ""]
[WhiteElo "2710"]
[BlackElo "2713"]
[WhiteFideId "2004887"]
[BlackFideId "14204118"]
[EventDate "29.12.2022"]

1. d4 Nf6 2. c4 e6 3. Nc3 d5 4. Bg5 Be7 5. e3 O-O 6. Rc1 h6 7. Bh4 Nbd7 8. Nf3
a6 9. a3 b6 10. cxd5 exd5 11. Bd3 Bb7 12. O-O c5 13. Ne5 Nxe5 14. dxe5 Nd7 15.
Bg3 c4 16. Bc2 Nc5 17. Qg4 Qc8 18. Bf5 Qc6 19. Bf4 Rad8 20. Rcd1 Rfe8 21. h4 Kh8
22. f3 Ne6 23. Bg3 Bc5 24. Bf2 Nf8 25. f4 b5 26. Rd2 Qb6 27. Qg3 d4 28. exd4
Bxd4 29. Rxd4 Rxd4 30. Ne2 Red8 31. Nxd4 Rxd4 32. Bxd4 Qxd4+ 33. Qf2 Qd8 34. Bg4
Be4 35. Re1 Bd3 36. f5 Nd7 37. e6 Nf6 38. exf7 c3 39. Qc5 1-0

[Event "Mondiale Lampo FIDE 2022"]
[Site "Alma Ata"]
[Date "29.12.2022"]
[Round "7.8"]
[White "Sadhwani, Raunak"]
[Black "Lazavik, Denis"]
[Result "0-1"]
[WhiteTitle ""]
[BlackTitle ""]
[WhiteElo "2627"]
[BlackElo "2537"]
[WhiteFideId "35093487"]
[BlackFideId "13515110"]
[EventDate "29.12.2022"]

1. e4 e5 2. Nf3 Nc6 3. Bc4 Bc5 4. d3 Nf6 5. Nc3 h6 6. h3 a6 7. Bd2 d6 8. Qe2 Be6
9. Nd5 Bxd5 10. exd5 Ne7 11. d4 exd4 12. O-O-O O-O 13. g4 Re8 14. g5 Ng6 15. Qd3
Ne4 16. Rdf1 h5 17. Kb1 Qd7 18. Bc1 b5 19. Bb3 a5 20. a3 a4 21. Ba2 b4 22. axb4
Bxb4 23. Nxd4 a3 24. Nc6 axb2 25. Bxb2 Nd2+ 26. Kc1 Nxf1 27. Rxf1 Rxa2 28. Nxb4
Nf4 29. Qc4 Ra4 30. Qxf4 Qb5 31. Bc3 Qxf1+ 32. Kb2 Qa1+ 33. Kb3 Ra3+ 0-1

[Event "Mondiale Lampo FIDE 2022"]
[Site "Alma Ata"]
[Date "29.12.2022"]
[Round "7.9"]
[White "Mamedov, Rauf"]
[Black "Cheparinov, Ivan"]
[Result "1-0"]
[WhiteTitle ""]
[BlackTitle ""]
[WhiteElo "2646"]
[BlackElo "2688"]
[WhiteFideId "13401653"]
[BlackFideId "2905540"]
[EventDate "29.12.2022"]

1. e4 c5 2. Nf3 d6 3. Nc3 Nf6 4. g3 g6 5. Bg2 Bg7 6. O-O Nc6 7. d3 O-O 8. Re1
Rb8 9. a4 a6 10. e5 dxe5 11. Nxe5 Nd4 12. Bf4 Ra8 13. h3 Nh5 14. Bd2 Be6 15. Nc4
Qc7 16. Ne4 Bxc4 17. dxc4 Rad8 18. c3 Nc6 19. Qe2 b6 20. Be3 a5 21. Bf3 Nf6 22.
Nxf6+ Bxf6 23. Bf4 e5 24. Bh6 Bg7 25. Bg5 f6 26. Be3 f5 27. Bg5 Rd6 28. Bd5+ Kh8
29. Rad1 h6 30. Bc1 Rfd8 31. h4 h5 32. Bg5 Re8 33. Bf7 Rxd1 34. Bxe8 Rxe1+ 35.
Qxe1 Qd6 36. Qd2 Nd4 37. cxd4 cxd4 38. Qd3 e4 39. Qb3 d3 40. c5 bxc5 41. Bd2 Bd4
42. Kg2 Qf6 43. Qd5 Kg7 44. Bg5 Qf8 45. Qd7+ Kh8 46. Bxg6 Bg7 47. Bxf5 c4 48.
Bxe4 1-0

[Event "Mondiale Lampo FIDE 2022"]
[Site "Alma Ata"]
[Date "29.12.2022"]
[Round "7.10"]
[White "Caruana, Fabiano"]
[Black "Sargsyan, Shant"]
[Result "1-0"]
[WhiteTitle ""]
[BlackTitle ""]
[WhiteElo "2766"]
[BlackElo "2645"]
[WhiteFideId "2020009"]
[BlackFideId "13306766"]
[EventDate "29.12.2022"]

1. e4 e5 2. Nf3 Nc6 3. Bb5 a6 4. Ba4 Nf6 5. O-O Be7 6. Re1 b5 7. Bb3 O-O 8. d3
d6 9. Bd2 Bg4 10. c3 Na5 11. Bc2 c5 12. h3 Bh5 13. Bc1 Qc7 14. Nbd2 Rad8 15. Nf1
d5 16. exd5 Rxd5 17. Ng3 Bg6 18. Qe2 Nc6 19. Nh4 Re8 20. a4 Bf8 21. Nxg6 hxg6
22. axb5 axb5 23. Ne4 Rd7 24. Ng5 Nh7 25. Qf3 Nxg5 26. Bxg5 Ne7 27. Ra6 Nf5 28.
Bb3 c4 29. dxc4 bxc4 30. Ba4 Rd3 31. Qe4 Rb8 32. Rc6 Qb7 33. Qxc4 Rd7 34. b4 Kh7
35. b5 Ra8 36. Bc2 Nd6 37. Qh4+ Kg8 38. c4 e4 39. Bxe4 Nxe4 40. Qxe4 Ra2 41. Qf3
Qa7 42. Be3 Qa5 43. Rf1 Qb4 44. Rc8 f5 45. Qc6 Rf7 46. Bc5 Qxc4 47. Qd6 Kh7 48.
Rxf8 Rxf8 49. Qxf8 Qxb5 50. Qe7 Qc4 51. Bd6 Qg8 52. Qh4# 1-0

[Event "Mondiale Lampo FIDE 2022"]
[Site "Alma Ata"]
[Date "29.12.2022"]
[Round "7.11"]
[White "Yudin, Sergei"]
[Black "Artemiev, Vladislav"]
[Result "0-1"]
[WhiteTitle ""]
[BlackTitle ""]
[WhiteElo "2469"]
[BlackElo "2701"]
[WhiteFideId "4159659"]
[BlackFideId "24101605"]
[EventDate "29.12.2022"]

1. e4 c5 2. Nf3 e6 3. c3 d5 4. exd5 Qxd5 5. d4 Nf6 6. Bd3 Be7 7. O-O O-O 8. Be3
Rd8 9. Qe2 Nc6 10. Rd1 cxd4 11. cxd4 Nb4 12. Nc3 Qh5 13. Bc4 b6 14. a3 Nbd5 15.
Rac1 Nxc3 16. Rxc3 Bb7 17. Ne5 Qxe2 18. Bxe2 Nd5 19. Rc2 Bd6 20. Rdc1 f6 21. Nc6
Rd7 22. Bf3 a5 23. Bxd5 exd5 24. g3 g5 25. Kg2 Ba6 26. Rc3 Re8 27. h3 Kg7 28.
Rb3 Rb7 29. Rbc3 Kg6 30. Nxa5 bxa5 31. Rc6 Bc4 32. Rxd6 Rxb2 33. Rc3 Rb1 34. g4
Reb8 35. Bd2 Rd1 36. Bc1 Rb3 37. Rxb3 Bxb3 38. Bb2 Rd3 39. Ra6 a4 40. Rc6 Rd2
41. Bc3 Rc2 42. Rc5 Bc4 43. Bb4 h5 44. Rc6 Bf1+ 0-1

[Event "Mondiale Lampo FIDE 2022"]
[Site "Alma Ata"]
[Date "29.12.2022"]
[Round "7.12"]
[White "Riazantsev, Alexander"]
[Black "Vachier-Lagrave, Maxime"]
[Result "0-1"]
[WhiteTitle ""]
[BlackTitle ""]
[WhiteElo "2626"]
[BlackElo "2737"]
[WhiteFideId "4125029"]
[BlackFideId "623539"]
[EventDate "29.12.2022"]

1. d4 Nf6 2. c4 g6 3. Nc3 d5 4. cxd5 Nxd5 5. e4 Nxc3 6. bxc3 Bg7 7. Nf3 c5 8.
Bb5+ Nc6 9. O-O O-O 10. Bxc6 bxc6 11. Qc2 Qc7 12. Ba3 cxd4 13. cxd4 Rb8 14. Rac1
Rb6 15. Bc5 Rb7 16. h3 Be6 17. Qa4 Qf4 18. Qxc6 Rc7 19. Bd6 Qxc1 20. Qxc7 Qxc7
21. Bxc7 Rc8 22. Be5 Bxa2 23. Ra1 Rc2 24. Bxg7 Kxg7 25. d5 a5 26. Nd4 Rb2 27.
Nc6 a4 28. Kh2 Kf8 29. f3 Ke8 30. h4 f6 31. Kg3 Kd7 32. Nb4 Bb3 33. Nd3 Rc2 34.
Kf4 Kd6 35. g4 h6 36. g5 hxg5+ 37. hxg5 fxg5+ 38. Kxg5 Rc3 39. Nb2 Rxf3 40. Nxa4
Bc2 41. Kxg6 Bxe4+ 42. Kg5 Bxd5 43. Nb6 e6 44. Rd1 Kc6 45. Nc8 Kc5 46. Ne7 Rf7
47. Ng6 Rf5+ 48. Kh4 Kd6 49. Kh3 Rf6 50. Nh4 e5 51. Kg3 e4 52. Ng2 Ke5 53. Re1
Rf3+ 54. Kh2 Be6 55. Re3 Rf8 56. Kg3 Kd4 57. Ra3 Bc4 58. Ra4 Rf3+ 59. Kh2 Rc3
60. Ra8 Bd5 61. Re8 Rf3 62. Kg1 Rf5 63. Kh2 Kd3 64. Kg3 Rf3+ 65. Kg4 Kd4 66. Nf4
Bc4 67. Rd8+ Ke3 68. Ng6 Be6+ 69. Kg5 Rf5+ 70. Kh4 Kf2 71. Re8 Bd5 72. Kg4 Rf6
73. Nf4 Bc6 74. Re7 e3 75. Nh3+ Ke2 76. Nf4+ Kd2 77. Kg5 Rd6 78. Re5 Rd4 79. Kg4
Be4 80. Kg3 Bd3 81. Re7 e2 82. Nxe2 Bxe2 83. Rg7 Re4 84. Rg8 Ke3 85. Rg7 Bc4 86.
Ra7 Re8 87. Ra3+ Bd3 88. Kg4 Rg8+ 89. Kh5 Ke4 90. Ra4+ Kf5 91. Ra5+ Kf4 92. Kh6
Rg6+ 93. Kh5 Rb6 94. Ra4+ Be4 95. Rc4 Rb7 0-1

[Event "Mondiale Lampo FIDE 2022"]
[Site "Alma Ata"]
[Date "29.12.2022"]
[Round "7.16"]
[White "Tomashevsky, Evgeny"]
[Black "Ghasi, Ameet K"]
[Result "1/2-1/2"]
[WhiteTitle ""]
[BlackTitle ""]
[WhiteElo "2694"]
[BlackElo "2471"]
[WhiteFideId "4147235"]
[BlackFideId "409200"]
[EventDate "29.12.2022"]

1. d4 Nf6 2. c4 g6 3. Nf3 Bg7 4. g3 O-O 5. Bg2 c6 6. O-O d6 7. Nc3 Bf5 8. b3 Ne4
9. Bb2 Nxc3 10. Bxc3 Be4 11. Rc1 d5 12. e3 a5 13. Qe2 Nd7 14. Rfd1 e6 15. Bh3
Bxf3 16. Qxf3 f5 17. Qe2 a4 18. b4 Nb6 19. c5 Nc4 20. Bf1 e5 21. Qc2 exd4 22.
exd4 Na3 23. Qb2 Nb5 24. Bxb5 cxb5 25. Re1 Qd7 26. f3 Rae8 27. Qd2 Rxe1+ 28.
Rxe1 Re8 29. Kf2 Rxe1 30. Qxe1 Kf7 31. Qe3 Bf6 32. Qf4 g5 33. Qb8 Bd8 34. Bd2 h6
35. Be3 Bf6 36. Ke2 Bg7 37. h4 f4 38. gxf4 gxh4 39. f5 h3 40. Qf4 Qe7 41. Kf2
Qg5 42. Qg4 Qxg4 43. fxg4 Bf6 44. Kg3 Bg5 45. Bxg5 hxg5 46. Kxh3 Kf6 1/2-1/2

[Event "Mondiale Lampo FIDE 2022"]
[Site "Alma Ata"]
[Date "29.12.2022"]
[Round "7.17"]
[White "Petrov, Nikita"]
[Black "Matlakov, Maxim"]
[Result "1-0"]
[WhiteTitle ""]
[BlackTitle ""]
[WhiteElo "2537"]
[BlackElo "2662"]
[WhiteFideId "4101286"]
[BlackFideId "4168003"]
[EventDate "29.12.2022"]

1. d4 Nf6 2. Bg5 d5 3. e3 c5 4. c3 Ne4 5. Bf4 Nc6 6. Bd3 cxd4 7. exd4 Bf5 8. Nf3
e6 9. O-O Bd6 10. Bxd6 Nxd6 11. Bxf5 Nxf5 12. Re1 O-O 13. Nbd2 h6 14. Nb3 Nd6
15. Qe2 Qc7 16. Nc5 b6 17. Nd3 Ne4 18. Nd2 Nd6 19. Nf3 Rab8 20. a4 Rfe8 21. Nfe5
Nxe5 22. Qxe5 Rbc8 23. h3 a5 24. Qe2 Rb8 25. g3 b5 26. axb5 Rxb5 27. Nc5 Qc6 28.
Qc2 Reb8 29. Ra2 Nb7 30. Nd3 Nd6 31. Rea1 Nc4 32. Rb1 Qb6 33. Qa4 Qc7 34. Qc2
Qd6 35. Qe2 Qb6 36. Qc2 g6 37. Qc1 Kg7 38. Qc2 h5 39. h4 Qd6 40. Qe2 Qe7 41. Ne5
Nxe5 42. Qxe5+ Qf6 43. Qxf6+ Kxf6 44. Rba1 Rxb2 45. Rxb2 Rxb2 46. Rxa5 Rc2 47.
Rc5 Kf5 48. Kg2 f6 49. Kf3 g5 50. hxg5 fxg5 51. Rc8 Rc1 52. Kg2 Ke4 53. Rc6 Kd3
54. Rxe6 Rxc3 55. Re5 Kxd4 56. Rxg5 Ke4 57. Rxh5 d4 58. Rh8 d3 59. Re8+ Kd4 60.
Rd8+ Kc4 61. g4 Kb3 62. g5 Kc2 63. Kf3 d2+ 64. Ke2 Rc5 65. Rxd2+ Kc3 66. f4 Rf5
67. Ke3 Rf8 68. Rg2 Re8+ 69. Kf3 Kd4 70. g6 Kd5 1-0

[Event "Mondiale Lampo FIDE 2022"]
[Site "Alma Ata"]
[Date "29.12.2022"]
[Round "7.18"]
[White "Van Foreest, Jorden"]
[Black "Hovhannisyan, Robert"]
[Result "1/2-1/2"]
[WhiteTitle ""]
[BlackTitle ""]
[WhiteElo "2690"]
[BlackElo "2597"]
[WhiteFideId "1039784"]
[BlackFideId "13302507"]
[EventDate "29.12.2022"]

1. e4 e5 2. Nf3 Nc6 3. Bb5 Nf6 4. d3 Bc5 5. Bxc6 dxc6 6. Be3 Bd6 7. Nbd2 Qe7 8.
Nc4 Bg4 9. h3 Bh5 10. g4 Bg6 11. Nh4 Nd7 12. Nf5 Bxf5 13. gxf5 g6 14. Qg4 O-O-O
15. O-O-O b6 16. h4 Kb7 17. h5 Nf6 18. Qh4 Nxh5 19. Qxe7 Bxe7 20. Nxe5 Rhf8 21.
Bh6 Rg8 22. Nxf7 Rde8 23. Ne5 Bf8 24. Bxf8 Rgxf8 25. Nc4 Nf6 26. fxg6 hxg6 27.
Rdg1 Nd7 28. Rh2 Re6 29. Kd2 Ref6 30. Ke2 Nc5 31. Ne5 Ne6 32. Nd7 Nd4+ 33. Kf1
Nf3 34. Rgg2 Nxh2+ 35. Rxh2 c5 36. Rg2 R8f7 37. Nxf6 Rxf6 38. Ke2 Kc6 39. Ke3 c4
40. d4 Kb5 41. e5 Re6 42. Ke4 c6 43. f4 c3 44. bxc3 Kc4 45. Rg3 b5 46. f5 gxf5+
47. Kxf5 Re8 48. e6 Kd5 49. Re3 Kd6 50. e7 Rxe7 51. Rxe7 Kxe7 52. Ke5 Kd7 53. d5
Kc7 54. Ke6 cxd5 55. Kxd5 Kb6 56. c4 bxc4 57. Kxc4 Kc6 58. c3 Kd6 59. Kb5 Kc7
60. Kc5 Kd7 61. a3 Kc7 62. Kb5 Kb7 63. Kc5 Kc7 64. Kd5 Kd7 65. Kc5 Kc7 1/2-1/2

[Event "Mondiale Lampo FIDE 2022"]
[Site "Alma Ata"]
[Date "29.12.2022"]
[Round "7.19"]
[White "Tin, Jingyao"]
[Black "Kadric, Denis"]
[Result "0-1"]
[WhiteTitle ""]
[BlackTitle ""]
[WhiteElo "2562"]
[BlackElo "2584"]
[WhiteFideId "5804418"]
[BlackFideId "14403803"]
[EventDate "29.12.2022"]

1. d4 d6 2. Nf3 Nf6 3. c4 Nbd7 4. Nc3 e5 5. e4 g6 6. Be2 Bg7 7. O-O O-O 8. Be3
c6 9. d5 c5 10. Ne1 Kh8 11. Nd3 Ng8 12. g4 f5 13. gxf5 gxf5 14. exf5 Ne7 15. Ne4
Nf6 16. Ng3 Nxf5 17. Nxf5 Bxf5 18. Kh1 Qd7 19. Rg1 Rg8 20. f3 e4 21. Nf4 Rae8
22. Qd2 exf3 23. Bxf3 Ng4 24. Rae1 Ne5 25. Bh5 Be4+ 26. Ng2 Qh3 27. Qe2 Nf3 28.
Bf4 Qxh5 29. Bxd6 Qh3 30. Nf4 Nxe1+ 31. Qxe4 Qf3+ 32. Qxf3 Nxf3 33. Rf1 Bd4 0-1

[Event "Mondiale Lampo FIDE 2022"]
[Site "Alma Ata"]
[Date "29.12.2022"]
[Round "7.20"]
[White "Salem, A.R. Saleh"]
[Black "Murzin, Volodar"]
[Result "1/2-1/2"]
[WhiteTitle ""]
[BlackTitle ""]
[WhiteElo "2677"]
[BlackElo "2561"]
[WhiteFideId "9301348"]
[BlackFideId "44155573"]
[EventDate "29.12.2022"]

1. d4 d5 2. c4 c6 3. Nf3 Nf6 4. Nc3 e6 5. g3 Nbd7 6. Bg2 Be7 7. O-O O-O 8. Qd3
b6 9. b3 Ba6 10. a4 Bb4 11. Rd1 Qe7 12. Bb2 Rfd8 13. Qc2 dxc4 14. bxc4 Bxc4 15.
Ne5 Nxe5 16. dxe5 Nd5 17. Ne4 b5 18. h4 h6 19. Bf3 a5 20. h5 Rd7 21. Nd6 Rad8
22. Nxc4 bxc4 23. Qxc4 c5 24. Rd3 Nb6 25. Qb5 Rxd3 26. exd3 Nd5 27. Qc4 Qd7 28.
Be4 Nb6 29. Qb3 Qc7 30. Rc1 Qd7 31. Ra1 Qc7 32. Rc1 Qd7 33. Ra1 Qc7 1/2-1/2

[Event "Mondiale Lampo FIDE 2022"]
[Site "Alma Ata"]
[Date "29.12.2022"]
[Round "7.21"]
[White "Petrosian, Tigran L."]
[Black "Yoo, Christopher Woojin"]
[Result "1-0"]
[WhiteTitle ""]
[BlackTitle ""]
[WhiteElo "2551"]
[BlackElo "2575"]
[WhiteFideId "13301616"]
[BlackFideId "30909694"]
[EventDate "29.12.2022"]

1. Nf3 d5 2. g3 Nf6 3. Bg2 c6 4. c4 g6 5. cxd5 cxd5 6. d4 Bg7 7. Nc3 O-O 8. Ne5
e6 9. O-O Nfd7 10. f4 Nc6 11. Be3 Ne7 12. Bf2 b6 13. Rc1 Bb7 14. Qa4 Nf6 15. Rc2
a6 16. Rfc1 b5 17. Qb3 Qd6 18. Na4 Rac8 19. Nc5 Ba8 20. a4 bxa4 21. Qxa4 Ne4 22.
b4 Nxf2 23. Kxf2 Nf5 24. e3 Bxe5 1-0

[Event "Mondiale Lampo FIDE 2022"]
[Site "Alma Ata"]
[Date "29.12.2022"]
[Round "7.22"]
[White "Pranav, V"]
[Black "Tari, Aryan"]
[Result "1-0"]
[WhiteTitle ""]
[BlackTitle ""]
[WhiteElo "2545"]
[BlackElo "2659"]
[WhiteFideId "25060783"]
[BlackFideId "1510045"]
[EventDate "29.12.2022"]

1. e4 e5 2. Nf3 Nc6 3. Bb5 Nf6 4. d3 Bc5 5. O-O Nd4 6. Nxd4 Bxd4 7. c3 Bb6 8.
Ba4 c6 9. Na3 d6 10. Bc2 O-O 11. Bg5 h6 12. Bh4 d5 13. Bg3 Re8 14. Re1 Bg4 15.
Qc1 Nh5 16. Bd1 Bxd1 17. Qxd1 Qg5 18. Qf3 Re6 19. exd5 cxd5 20. Qxd5 Nxg3 21.
hxg3 Qxg3 22. d4 Qf4 23. Rxe5 Rd8 24. Rf5 Rxd5 25. Rxf4 Re2 26. Nc4 Bc7 27. Rf3
b5 28. Kf1 Re6 29. Ne3 Rg5 30. Re1 b4 31. cxb4 Bb6 32. Nc2 Rxe1+ 33. Nxe1 Bxd4
34. b3 h5 35. Rd3 Bb6 36. a4 Rf5 37. Nf3 a5 38. Rd6 Bc7 39. Rc6 Bf4 40. b5 Rd5
41. g3 Bd6 42. b6 Rd3 43. Ke2 Rxb3 44. Rxd6 Kf8 45. Nd4 Rb2+ 46. Kd3 Ke7 47.
Nf5+ Ke8 48. Nxg7+ Kf8 49. Nf5 Ke8 50. Kc4 Rxf2 51. Nd4 Ke7 52. Rd5 Rb2 53. Rb5 1-0

[Event "Mondiale Lampo FIDE 2022"]
[Site "Alma Ata"]
[Date "29.12.2022"]
[Round "7.23"]
[White "Harikrishna, Pentala"]
[Black "Dragnev, Valentin"]
[Result "1/2-1/2"]
[WhiteTitle ""]
[BlackTitle ""]
[WhiteElo "2705"]
[BlackElo "2556"]
[WhiteFideId "5007003"]
[BlackFideId "1634852"]
[EventDate "29.12.2022"]

1. Nf3 Nf6 2. g3 g6 3. Bg2 Bg7 4. O-O c5 5. c4 O-O 6. Nc3 d5 7. d3 Nc6 8. cxd5
Nxd5 9. Bd2 Nxc3 10. Bxc3 Rb8 11. Bxg7 Kxg7 12. Qa4 Bd7 13. Qa3 b6 14. Rfd1 e5
15. e3 Bg4 16. h3 Bxf3 17. Bxf3 Qf6 18. Bxc6 Qxc6 19. Qxa7 Ra8 20. Qe7 Rfe8 21.
Qg5 Qe6 22. Qg4 Qxg4 23. hxg4 Ra4 24. f3 Rea8 25. a3 R4a5 26. Rac1 Rb5 27. Rd2
f5 28. gxf5 gxf5 29. Kf2 Rd8 30. Ke2 h5 31. Rh1 Kg6 32. Kd1 c4 33. Rh4 cxd3 34.
b4 Rbd5 35. e4 fxe4 36. Rxe4 b5 37. Re3 Kf5 38. Ke1 Rg8 39. Kf2 Rgd8 40. Kg2 Rd4
41. Kf2 R8d7 42. Kg2 Rd8 43. Kf2 R8d7 44. Re1 Rc7 45. Rh1 Kg6 46. Re1 Kf5 47.
Rh1 Kg6 48. Re1 Rd5 49. Ke3 Rc3 50. Ra1 Rb3 51. a4 Rxb4 52. axb5 Rb3 53. Ra6+
Kf5 54. Rh6 Kg5 55. Rh8 Rbxb5 56. Rg8+ Kf5 57. Rxd3 Rxd3+ 58. Kxd3 Rb3+ 59. Ke2
Rb2+ 60. Kf1 Rc2 61. Rh8 Kg6 62. Kg1 Rd2 63. Rc8 Kf6 64. Rc5 Rb2 65. Rc4 Kf5 66.
Rh4 Kg5 67. Re4 Kf5 68. Kf1 Rc2 69. Rb4 Ra2 70. Rb6 Rc2 71. Rb5 Kf6 72. Rb6+ 1/2-1/2

[Event "Mondiale Lampo FIDE 2022"]
[Site "Alma Ata"]
[Date "29.12.2022"]
[Round "7.24"]
[White "Muradli, Mahammad"]
[Black "Daneshvar, Bardiya"]
[Result "0-1"]
[WhiteTitle ""]
[BlackTitle ""]
[WhiteElo "2540"]
[BlackElo "2500"]
[WhiteFideId "13409301"]
[BlackFideId "12576468"]
[EventDate "29.12.2022"]

1. c4 Nf6 2. Nf3 c5 3. g3 d5 4. cxd5 Nxd5 5. Bg2 Nc6 6. Nc3 g6 7. d3 Bg7 8. Bd2
Nc7 9. a3 b6 10. b4 cxb4 11. axb4 Bb7 12. b5 Nd4 13. Ne4 Bxe4 14. dxe4 Nxf3+ 15.
Bxf3 Nxb5 16. e5 Rc8 17. Qa4 Rc5 18. Rd1 O-O 19. Bb4 Nd4 20. Bxc5 bxc5 21. e6
fxe6 22. O-O Qc7 23. Rfe1 Rxf3 24. exf3 Nxf3+ 25. Kf1 Kf7 26. Re3 Nd4 27. Rde1
Qb7 28. Kg1 Nf3+ 29. Rxf3+ Qxf3 30. Re3 Qb7 31. Qf4+ Bf6 32. h4 h5 33. Qh6 c4
34. Re2 c3 35. Qe3 a5 36. Qd3 a4 37. Qc4 Qb3 38. Qc6 Qd1+ 0-1

[Event "Mondiale Lampo FIDE 2022"]
[Site "Alma Ata"]
[Date "29.12.2022"]
[Round "7.25"]
[White "Ansat, Aldiyar"]
[Black "Shimanov, Aleksandr"]
[Result "1/2-1/2"]
[WhiteTitle ""]
[BlackTitle ""]
[WhiteElo "2291"]
[BlackElo "2581"]
[WhiteFideId "13715658"]
[BlackFideId "4198603"]
[EventDate "29.12.2022"]

1. e4 c6 2. d4 d5 3. Nc3 dxe4 4. Nxe4 Nf6 5. Nxf6+ exf6 6. Nf3 Bd6 7. Bd3 O-O 8.
O-O Bg4 9. h3 Bh5 10. Bf5 Re8 11. Qd3 Bg6 12. Nh4 Nd7 13. Bd2 Nf8 14. c4 Bc7 15.
Rfe1 Rxe1+ 16. Rxe1 a5 17. a4 Bd6 18. c5 Bxc5 19. Nxg6 hxg6 20. dxc5 gxf5 21.
Qxd8 Rxd8 22. Bxa5 Ra8 23. Bb6 Ne6 24. a5 Kf8 25. Rd1 Ke7 26. b4 f4 27. Kf1 f5
28. Ke2 g5 29. Kd3 f3 30. g3 g4 31. hxg4 fxg4 32. Ke4 Rg8 33. Ra1 Ng5+ 34. Ke3
Ke6 35. Rd1 Re8 36. Rd8 Re7 37. Kf4 Kf6 38. Rd6+ Ne6+ 39. Kxg4 Ke5 40. Kxf3 f5
41. Bd8 Rf7 42. Ke3 f4+ 43. gxf4+ Nxf4 44. Bg5 Nd5+ 45. Ke2 Nxb4 46. f3 Nd5 47.
Bh4 Kd4 48. Bf2+ Kc4 49. a6 bxa6 50. Rxc6 a5 51. Ra6 Kb5 52. Ra8 a4 53. c6 Kxc6
54. Be1 Nb6 55. Ra5 Re7+ 56. Kd1 Nc4 57. Ra8 Rd7+ 58. Kc2 Kb5 59. Rb8+ Kc5 60.
Bf2+ Kc6 61. Rb4 Rd2+ 62. Kc3 Rxf2 63. Kxc4 a3 64. Ra4 a2 65. Kb3 Rxf3+ 1/2-1/2

[Event "Mondiale Lampo FIDE 2022"]
[Site "Alma Ata"]
[Date "29.12.2022"]
[Round "7.26"]
[White "Tsydypov, Zhamsaran"]
[Black "Grischuk, Alexander"]
[Result "0-1"]
[WhiteTitle ""]
[BlackTitle ""]
[WhiteElo "2534"]
[BlackElo "2745"]
[WhiteFideId "4108566"]
[BlackFideId "4126025"]
[EventDate "29.12.2022"]

1. e4 e6 2. d4 d5 3. e5 c5 4. c3 Nc6 5. Nf3 Qb6 6. Be2 cxd4 7. O-O dxc3 8. Nxc3
Nge7 9. Be3 Qd8 10. Nb5 Ng6 11. Bg5 Be7 12. Nd6+ Kf8 13. Bxe7+ Qxe7 14. Rc1
Ngxe5 15. Nxe5 Qxd6 16. f4 Bd7 17. Qd2 Be8 18. a3 Rd8 19. Nf3 f6 20. Bb5 Ne7 21.
Bxe8 Rxe8 22. b4 h5 23. g3 Nf5 24. Rfe1 Kf7 25. Kg2 Rc8 26. Qe2 Rxc1 27. Rxc1 h4
28. Qd2 hxg3 29. hxg3 Qd7 30. Qc3 Nd6 31. Qd4 Rc8 32. Re1 a6 33. Qd1 Rc4 34. Nd4
Ne4 35. Qh5+ Ke7 36. Rd1 Rc3 37. Nf3 Qb5 38. Re1 Rc2+ 39. Kh3 Qe8 40. Qh7 Qf7
41. Nd4 Rc3 42. Rg1 g5 43. Qh6 gxf4 44. Qxf4 Qh7+ 0-1

[Event "Mondiale Lampo FIDE 2022"]
[Site "Alma Ata"]
[Date "29.12.2022"]
[Round "7.28"]
[White "Amin, Bassem"]
[Black "Donchenko, Alexander"]
[Result "1-0"]
[WhiteTitle ""]
[BlackTitle ""]
[WhiteElo "2682"]
[BlackElo "2636"]
[WhiteFideId "10601457"]
[BlackFideId "24603295"]
[EventDate "29.12.2022"]

1. Nf3 Nf6 2. g3 c5 3. Bg2 Nc6 4. O-O g6 5. d3 Bg7 6. e4 O-O 7. Re1 d6 8. c3 e5
9. a3 h6 10. b4 Be6 11. Nbd2 b5 12. Bb2 a5 13. a4 axb4 14. axb5 bxc3 15. Bxc3
Nb4 16. Rxa8 Qxa8 17. Nc4 Qb8 18. Bxb4 cxb4 19. Qa4 Bd7 20. Qxb4 d5 21. Ncxe5
Qxb5 22. Qxb5 Bxb5 23. Nd4 Ba4 24. exd5 Rd8 25. Ndc6 Rd6 26. Nc4 Rxd5 27. Ne7+ 1-0

[Event "Mondiale Lampo FIDE 2022"]
[Site "Alma Ata"]
[Date "29.12.2022"]
[Round "7.29"]
[White "Moiseenko, Alexander"]
[Black "Rapport, Richard"]
[Result "0-1"]
[WhiteTitle ""]
[BlackTitle ""]
[WhiteElo "2577"]
[BlackElo "2740"]
[WhiteFideId "14102560"]
[BlackFideId "738590"]
[EventDate "29.12.2022"]

1. d4 Nf6 2. c4 c5 3. d5 d6 4. Nc3 g6 5. e4 Bg7 6. Bd3 O-O 7. Nge2 Nbd7 8. f4 a6
9. a4 e6 10. O-O exd5 11. exd5 Ng4 12. h3 Nh6 13. Bd2 Re8 14. Qc2 Nf6 15. Rae1
Nf5 16. Nd1 h5 17. Bc3 h4 18. a5 Rb8 19. Qd2 b5 20. axb6 Qxb6 21. Kh2 Qc7 22.
Ng1 Bd7 23. Rxe8+ Rxe8 24. Re1 Rb8 25. Nf3 Qd8 26. Nf2 Bh6 27. Ng4 Nxg4+ 28.
hxg4 Nd4 29. Nxd4 cxd4 30. Bxd4 Bxg4 31. Bc3 Qb6 32. b4 Qa7 33. Ba1 Kh7 34. Bf6
Rxb4 35. Re7 Rb7 36. Bxg6+ Kxg6 37. Qd3+ Kxf6 38. Re8 Bxf4+ 0-1